Ročenka Ekonomická univerzita v Bratislave

Guardado en:
Detalles Bibliográficos
Autor Corporativo: Ekonomická univerzita v Bratislave
Otros Autores: Mruškovič, Jozef
Formato: Libro
Lenguaje:eslovaco
Publicado: Bratislava Ekonomická univerzita 1998
Materias:
Etiquetas: Agregar Etiqueta
Sin Etiquetas, Sea el primero en etiquetar este registro!

MARC

LEADER 00000nam a2200000 4500
001 c102575
005 20221109094325.2
020 |a 80-225-1042-4 
041 0 |a slo 
044 |a SK 
245 1 0 |a Ročenka  |b Ekonomická univerzita v Bratislave  |c [zostavovateľ: Jozef Mruškovič] 
264 1 |a Bratislava  |b Ekonomická univerzita  |c 1998 
300 |a 174 s. 
610 2 0 |a školy vysoké 
610 2 0 |a univerzity 
610 2 0 |a vzdelanie ekonomické 
610 2 0 |a vzdelanie vysokoškolské 
610 2 0 |a štúdium vysokoškolské 
610 2 0 |a absolventi 
610 2 0 |a učitelia 
610 2 0 |a štruktúra organizačná 
610 2 0 |a výchova 
610 2 0 |a veda ekonomická 
610 2 0 |a výskum ekonomický 
610 2 0 |a ústavy výskumné ekonomické 
610 2 0 |a Ekonomická univerzita v Bratislave 
610 2 0 |a 1996-1997 
700 1 |a Mruškovič, Jozef 
110 2 |a Ekonomická univerzita v Bratislave